Your local authority (Record no. 422203)

000 -LEADER
fixed length control field 00362cam a22001337a 4500
008 - FIXED-LENGTH DATA ELEMENTS--GENERAL INFORMATION
fixed length control field 180718b1949 xxu||||| |||| 00| 0 eng d
082 ## - DEWEY DECIMAL CLASSIFICATION NUMBER
Classification number B7x42 B273
100 ## - MAIN ENTRY--PERSONAL NAME
Personal name Barratt, Charles
245 ## - TITLE STATEMENT
Title Your local authority
Statement of responsibility, etc. by Charles, Barratt
250 ## - EDITION STATEMENT
Edition statement 2nd ed.
260 ## - PUBLICATION, DISTRIBUTION, ETC.
Place of publication, distribution, etc. London
Name of publisher, distributor, etc. Pitman
Date of publication, distribution, etc. 1949
300 ## - PHYSICAL DESCRIPTION
Extent x, 213p
650 ## - SUBJECT ADDED ENTRY--TOPICAL TERM
Topical term or geographic name entry element Local government --Great Britain.
Holdings
Withdrawn status Lost status Damaged status Not for loan Permanent Location Current Location Date acquired Full call number Barcode Date last seen Price effective from Koha item type
        Indian Institute of Public Administration Indian Institute of Public Administration 2009-08-18 B7x42 B273 2080 2018-07-21 2018-07-21 Book

Powered by Koha